مولانا موحمد علی : (Record no. 108569)

MARC details
000 -LEADER
fixed length control field 00849nam a22002417a 4500
005 - DATE AND TIME OF LATEST TRANSACTION
control field 20170123162342.0
010 ## - LIBRARY OF CONGRESS CONTROL NUMBER
LC control number A-026151
020 ## - INTERNATIONAL STANDARD BOOK NUMBER
Terms of availability 20.00
035 ## - SYSTEM CONTROL NUMBER
System control number A-026151
037 ## - SOURCE OF ACQUISITION
Source of stock number/acquisition Cen Lib/Ret
040 ## - CATALOGING SOURCE
Original cataloging agency DPL
Language of cataloging UR
082 ## - DEWEY DECIMAL CLASSIFICATION NUMBER
Classification number 921
Item number م ح م
245 ## - TITLE STATEMENT
Title مولانا موحمد علی :
Statement of responsibility, etc مرتب عبدل لطیف اعظمی
Remainder of title ایک مطالع /
246 ## - VARYING FORM OF TITLE
Title proper/short title Maulana Mohammad Ali : ek muatala /
Remainder of title edited by Abdul Lateef Aazmi
260 ## - PUBLICATION, DISTRIBUTION, ETC. (IMPRINT)
Place of publication, distribution, etc نیی دہلی
Name of publisher, distributor, etc علمی ادارہ
Date of publication, distribution, etc 1980
270 ## - ADDRESS
City نیی دہلی
Address ٣٤٩ ذاکر نگر، جمی نگر
Postal code 110025
300 ## - PHYSICAL DESCRIPTION
Extent 186p.
Dimensions 23cm(Hb)
650 ## - SUBJECT ADDED ENTRY--TOPICAL TERM
Topical term or geographic name as entry element ادب -- اردو
9 (RLIN) 127640
650 ## - SUBJECT ADDED ENTRY--TOPICAL TERM
Topical term or geographic name as entry element اردو سوانے عمری
9 (RLIN) 127641
650 ## - SUBJECT ADDED ENTRY--TOPICAL TERM
Topical term or geographic name as entry element Urdu literature
9 (RLIN) 127642
650 ## - SUBJECT ADDED ENTRY--TOPICAL TERM
Topical term or geographic name as entry element Urdu -- biography
9 (RLIN) 511
942 ## - ADDED ENTRY ELEMENTS (KOHA)
Source of classification or shelving scheme Dewey Decimal Classification
Koha item type Urdu Bks
Classification part 921
Call number suffix م ح م
Holdings
Withdrawn status Lost status Damaged status Not for loan Home library Current library Date acquired Source of acquisition Cost, normal purchase price Total Checkouts Full call number Barcode Date last seen Copy number Cost, replacement price Price effective from Koha item type
        Central Library Central Library 23/01/2016 Cen Lib/Ret 20.00   921 م ح م A-026151 23/01/2016 1 20.00 23/01/2016 Urdu Bks

© Delhi Public Library
Hit Counter
free hit counter